00416nam a2200145Ia 4500008004100000040001900041041001200060082002400072100002500096245007000121260002800191300001900219650001400238850001800252131103s9999 xx 000 0 und d aLoreto College aEnglish a920/TAGbLCBED/4446 aTagore, Rabindranath aPersonalityb lectures delivered in America cRabindranath Tagore aLondonbMacmillanc1970 a184p. c 18cm. aBiography aLCBED/920/TAG